Easy plays in English

Bibliographic Details
Main Author: Malkoc, Anna Maria (Author)
Format: Book
Published: Engleword Cliffs, N.J. : Prentice Hall , 1993
Subjects:

MARC

LEADER 00000cam a2200000 7i4500
001 0000008789
005 20180213093000.0
008 021119n
020 |a 0130616982 
090 0 0 |a PE1128   |b .M334 1993 
100 0 |a Malkoc, Anna Maria ,   |e author 
245 0 0 |a Easy plays in English   |c Anna Maris Malkoc 
260 2 |a Engleword Cliffs, N.J. :   |b Prentice Hall ,   |c 1993 
300 |a xii, 93 p. ; ;   |c 28 cm. 
650 0 |a English language   |v Textbooks for foreign speakers 
650 0 |a Readers   |x Drama 
999 |a 1000034936   |b Book   |c OPEN SHELF (30 DAYS)   |e Gong Badak Campus